Prueba de Geografía e Historia #4 - Estadísticas

Estadísticas generales
  • Esta prueba ha sido intentada 346 veces
  • La puntuación promedio es 12 de 20
Estadísticas de respuestas
Hint Respuesta % Correcto
EEUU se retiró de este país en 2021 Afganistán
80%
Edimburgo y Glasgow son ciudades... escocesas
79%
Aún se desconoce el origen del idioma de este territorio de España, ese idioma es... Euskera
78%
Jaba o Sumatra son islas pertenecientes a Indonesia
77%
Este país se independizó del anterior país Eritrea
74%
Diversos estados de los balcanes se unieron bajo este nombre Yugoslavia
74%
Conquistó el actual México, para el Imperio Español Hernán Cortés
71%
Marruecos considera suyo este territorio, antes español Sahara occidental
68%
País europeo con mayoría musulmana Albania
67%
Letonia o Estonia son repúblicas... Bálticas
67%
El imperio de Cartago estaba ubicado en el actual país... Túnez
67%
Esparta y Atenas se enfretaron en la guerra del... Peloponeso
66%
Capital de Etiopía Adis Abeba
63%
Macao, región china, fué una colonia Portuguesa
61%
Este país asiático es actualmente un Sultanato Absolutista Brunei
53%
Nombre de la peninsula que conforma la mayor parte de Dinamarca Jutlandia
53%
Región francesa que ha sido disputada con Alemania durante mucho tiempo Alsacia
51%
Nueva York es parte del estado de Nueva Jersey
43%
Este muro separaba la "inglaterra" romana de la actual Escocia: Muro de Adriano
36%
Bélgica se ha considerado un estado ____ entre Francia y Paises Bajos. tapón
16%
No se encontraron pruebas coincidentes
Distribución de puntuación
Porcentaje de gente con cada puntuación
Porcentaje por número respondido
Historial de tus puntuaciones
No has intentado esta prueba.